000 00438nam a2200157 i 4500
001 145835
003 ES-MaACL
005 20230906201329.0
007 t|
008 071017s1972 sp ||||1| spa d
100 1 _aVergés, Salvador.
_9114112
245 1 0 _aMaría en el misterio de Cristo /
_cSalvador Vergés, S.J.
260 _aSalamanca :
_bSígueme,
_c1972.
300 _a312 p. ;
_c22 cm.
852 _aES-MaACL
_jC-43773
_bR.82861
999 _c145835
_d145835